Solar eruptions and energetic particles / (Record no. 599108)

000 -LEADER
fixed length control field 00282nam a2200097Ia 4500
008 - FIXED-LENGTH DATA ELEMENTS--GENERAL INFORMATION
fixed length control field 230907s9999||||xx |||||||||||||| ||und||
082 ## - DEWEY DECIMAL CLASSIFICATION NUMBER
Classification number 523.7
Author Mark SOL
245 #0 - TITLE STATEMENT
Title Solar eruptions and energetic particles /
260 ## - PUBLICATION, DISTRIBUTION, ETC.
Place of publication, distribution, etc. American Geophysical Union,
Name of publisher, distributor, etc. Washington, DC :
Date of publication, distribution, etc. 2006
942 ## - ADDED ENTRY ELEMENTS (KOHA)
Koha item type Book
Holdings
Withdrawn status Lost status Damaged status Not for loan Permanent Location Current Location Date acquired Total Checkouts Full call number Barcode Date last seen Price effective from Koha item type
        US-Pakistan Center for Advanced Studies in Energy (USPCAS-E) US-Pakistan Center for Advanced Studies in Energy (USPCAS-E) 08/19/2019   523.7 SOL CAS-E0003207 09/12/2023 09/12/2023 Book
© 2023 Central Library, National University of Sciences and Technology. All Rights Reserved.